| 000 | 01828cam a22004574i 4500 | ||
|---|---|---|---|
| 003 | PE-LiUPU | ||
| 005 | 20250731173333.0 | ||
| 008 | 150616s r 000 0 d | ||
| 020 | _a8472282791 | ||
| 035 | _a(Sirsi) i9788472282797 | ||
| 040 |
_aPE-LiUPU _bspa _cPE-LiUPU _erda |
||
| 049 | _aPRUA | ||
| 082 | 0 | 4 |
_a253.7 _bV65 _221 |
| 100 | 1 |
_aVila, Samuel, _eautor. |
|
| 245 | 1 | 0 |
_aSermones evangelísticos y devocionales / _cSamuel Vila. |
| 264 | 1 |
_aBarcelona : _bClie, _c1977. |
|
| 300 |
_a166 páginas ; _c17 centímetros |
||
| 336 |
_atext _2rdacontent |
||
| 337 |
_aunmediated _2rdamedia |
||
| 338 |
_avolume _2rdacarrier |
||
| 505 | 0 | _aLa luna -- La contaminación ambiental -- La casa sobre la peña -- La gran carrera -- Cosas ciertísimas -- Consagrado para consagrar -- Midiendo el amor de Cristo -- Las siete miradas de Jesús -- Rosita de jerusalen -- Eutico -- Marta, o la fe probada para mejor -- La paloma silvestre -- El espejo de espejos -- La ofrenda de María -- Los siete milagros del Calvario -- Las mujeres en la resurrección del señor -- Indice de anécdotas. | |
| 526 | _aSEG42 | ||
| 526 | _aSEG41 | ||
| 526 | _aSEG40 | ||
| 526 | _aSEG39 | ||
| 526 | _aP94 | ||
| 526 | _aP87 | ||
| 526 | _aP86 | ||
| 526 | _aP85 | ||
| 526 | _aP77 | ||
| 526 | _aP76 | ||
| 526 | _aP35 | ||
| 650 | 0 | 4 | _aHomilética. |
| 910 |
_ajck _bjvq _cjck |
||
| 942 |
_2ddc _cBOOK |
||
| 949 |
_a253.7 V65 _wDEWEY _c1 _i34537 _lCCODEBUL1 _mBUL _r0 _sY _tBOOK _u2015-6-16 _xTEOLOGIA _zUNKNOWN _0COMPRA _o.STAFF. Colección General |
||
| 994 |
_aC0 _bPEPRU |
||
| 596 | _a1 | ||
| 999 |
_a253.7 V65 _wDEWEY _c48493 _i34537 _f2021-11-12 _g5 _lCCODEBUL1 _mBUL _r0 _sY _tBOOK _u2015-6-16 _xTEOLOGIA _zUNKNOWN _0COMPRA _o.STAFF. Colección General _d48493 |
||
| 980 |
_81 _gALBERTO SANCHEZ Responsable de Automatización |
||